Warships of the us navy (Record no. 45996)

MARC details
000 -LEADER
fixed length control field 00646nam a2200241 i 4500
001 - CONTROL NUMBER
control field C2-0145391
003 - CONTROL NUMBER IDENTIFIER
control field PPAK
005 - DATE AND TIME OF LATEST TRANSACTION
control field 20180727130747.0
008 - FIXED-LENGTH DATA ELEMENTS--GENERAL INFORMATION
fixed length control field 980307s1983 enka|||| ||||| | eng d
020 ## - INTERNATIONAL STANDARD BOOK NUMBER
International Standard Book Number 0710602065
040 ## - CATALOGING SOURCE
Original cataloging agency PPAK
Language of cataloging eng
Transcribing agency PPAK
Description conventions rda
082 04 - DEWEY DECIMAL CLASSIFICATION NUMBER
Classification number 623.8225
Edition number 23
090 00 - LOCALLY ASSIGNED LC-TYPE CALL NUMBER (OCLC); LOCAL CALL NUMBER (RLIN)
Classification number (OCLC) (R) ; Classification number, CALL (RLIN) (NR) 623.8225
Feature heading MOR
Feature heading R
100 1# - MAIN ENTRY--PERSONAL NAME
Personal name Morison, Samuel L.,
Relator term author
245 10 - TITLE STATEMENT
Title Warships of the us navy
264 #1 - PRODUCTION, PUBLICATION, DISTRIBUTION, MANUFACTURE, AND COPYRIGHT NOTICE
Place of production, publication, distribution, manufacture London :
Name of producer, publisher, distributor, manufacturer Jane's Publishing ,
Date of production, publication, distribution, manufacture, or copyright notice 1983
300 ## - PHYSICAL DESCRIPTION
Extent 242 pages :
Other physical details illustrations ;
Dimensions 26 cm
336 ## - CONTENT TYPE
Source rdacontent
Content type term text
337 ## - MEDIA TYPE
Source rdamedia
Media type term unmediated
338 ## - CARRIER TYPE
Source rdacarrier
Carrier type term volume
700 ## - ADDED ENTRY--PERSONAL NAME
Relator term author
942 ## - ADDED ENTRY ELEMENTS (KOHA)
-- dc
Koha item type Book
Holdings
Withdrawn Not for loan Current library Shelving location Date acquired Full call number Barcode Date last seen Koha item type
  Not For Loan Perpustakaan Alor Setar Rujukan Dewasa 07/03/1998 R 623.8225 MOR A00106957 08/05/2018 Book
  Not For Loan Perpustakaan Awam Sungai Petani Rujukan Dewasa 16/03/2004 R 623.8225 MOR A00422851 08/05/2018 Book
  Not For Loan Perpustakaan Kulim Rujukan Dewasa 15/03/2004 R 623.8225 MOR A00342791 08/05/2018 Book
  Not For Loan Perpustakaan Langkawi Rujukan Dewasa 25/10/2005 R 623.8225 MOR A00355720 08/05/2018 Book